LEADER 00719nam a2200181 i 4500 001 000000104409 003 CaOOAMICUS 005 20170807000000.0 008 170807s1960 fr u000 u fre u 013 $a76597 040 $aSeMil$bita 245 10$aVolume 1. 300 $aCLXXII, 560 p. 500 $aContiene: Introduction ; Tables generales ; Le Traité des Bérakoth (du Talmud de Jérusalem) ; Appendices (sur la Mischna) ; Le Traité des Bérakoth (du Talmud de Babylone). 773 0 $tTalmud de Jérusalem.$dParis : G.-P. Maisonneuve, 1960.$g1$w()646 850 $aSeMil 852 $aSeMil$W1$xVenegono$y1$mSL1.R IV 69$j60798$B60798$CSeMilBibl$Z2$F45220 $8I 996 $6245$aVolume 1$9(OLS)http://semarc/title/46244 LEADER 00581nab a2200145 i 4500 001 000000309858 003 CaOOAMICUS 005 20180831173002.0 008 180831n xx uu u0 0und r 013 $a18953 040 $aSeMil$bita 100 1 $aAlimonda, Gaetano .$0(OLS)http://semarc/name/2717 245 10$aAgli Slavi pellegrini in Roma. Discorso all?Accademia Poliglotta il 6luglio 1881. 773 0 $t[Luglio-Dicembre].$g103-128$w()273971 996 $6245$aAgli Slavi pellegrini in Roma. Discorso all?Accademia Poliglotta il 6luglio 1881$9(OLS)http://semarc/title/384832